Revista de Administraȯ̂ de Empresas

Detalles Bibliográficos
Formato: Revista
Lenguaje:portugués
Publicado: Bela Vista, Sô Paulo : Fundacao Getulio Vargas, 1961-
Materias:
Acceso en línea:http://www.vlex.com/source/7237

MARC

LEADER 00000nas a22000007a 4500
005 20130311185647.0
007 cr|||| ||||
008 130311c19619999bl br|p s|||| 0|||b1por d
022 |a 347590  
035 |a 7237 
040 |a vLex 
090 |c 3895  |d 3895 
245 0 0 |a Revista de Administraȯ̂ de Empresas  |h [Recurso electrn̤ico]  
256 |a Servicio en ln̕ea 
260 |a Bela Vista, Sô Paulo :  |b Fundacao Getulio Vargas,   |c 1961- 
300 |a 1 Recurso electrn̤ico 
506 |d vLex Global  |d vLex Global (Academic Edition, excluding Law Schools)  |d vLex Global (U.S. Academic Edition, Law Schools)  |d vLex Global (U.S. Academic Edition, excluding Law Schools)  |d vLex Global (Academic Edition, Law Schools) 
650 0 4 |a Administracin̤ (Management)  |v Revistas 
740 |a vLex Revistas (Servicio en ln̕ea)  
856 |a Acceso restringido  |u http://www.vlex.com/source/7237 
942 |c REV 
999 0 |a Management